00502nam a2200193Ia 450000500170000000800410001702000140005804000190007204100120009108200130010310000150011624500510013126000350018230000120021750400320022965000190026170000180028085000100029820230120104834.0131103s9999 xx 000 0 und d a861314646 aLoreto College aEnglish a954bSIN aSinha,N.K. 2aA history of IndiacN.K.Sinha and Nisith R.Ray aCalcuttabOrient Longmanc1973 a630 p.  aIncludes index,bibliography aIndian History aRay,Nisith,R. aLCLIB